The Chinese Health System in Transition
This book provides an overview of the ongoing transition in China's health system, especially focusing on the new healthcare reform initiated in 2009. First, it reviews the changes in China's healthcare system from the 1950s to 2008, establishing the situation when the reform was introduce...
Uloženo v:
| Hlavní autor: | |
|---|---|
| Médium: | Elektronický zdroj E-kniha |
| Jazyk: | angličtina |
| Vydáno: |
Singapore :
Springer Singapore ,
2018.
|
| Vydání: | 1st ed. 2018. |
| Edice: | Research Series on the Chinese Dream and China's Development Path,
|
| Témata: | |
| ISBN: | 9789811307584 |
| ISSN: | 2363-6866 |
| On-line přístup: |
|
| Tagy: |
Přidat tag
Žádné tagy, Buďte první, kdo vytvoří štítek k tomuto záznamu!
|
MARC
| LEADER | 00000nam a22000005i 4500 | ||
|---|---|---|---|
| 003 | SK-BrCVT | ||
| 005 | 20220618120617.0 | ||
| 007 | cr nn 008mamaa | ||
| 008 | 181111s2018 si | s |||| 0|eng d | ||
| 020 | |a 9789811307584 | ||
| 024 | 7 | |a 10.1007/978-981-13-0758-4 |2 doi | |
| 035 | |a CVTIDW10297 | ||
| 040 | |a Springer-Nature |b eng |c CVTISR |e AACR2 | ||
| 041 | |a eng | ||
| 100 | 1 | |a Fang, Lijie. |4 aut | |
| 245 | 1 | 4 | |a The Chinese Health System in Transition |h [electronic resource] / |c by Lijie Fang. |
| 250 | |a 1st ed. 2018. | ||
| 260 | 1 | |a Singapore : |b Springer Singapore , |c 2018. | |
| 300 | |a XIV, 161 p. 17 illus., 7 illus. in color. |b online resource. | ||
| 490 | 1 | |a Research Series on the Chinese Dream and China's Development Path, |x 2363-6866 | |
| 500 | |a Social Sciences | ||
| 505 | 0 | |a Introduction: an analysis framework of health system in transition -- The history of health system of China (1949-2008) -- The context of the new healthcare reform of China -- Health risks and healthcare demands in current China -- The blueprint and development of the new healthcare reform of China -- The health financing reform -- The reform of primary care -- The reform of public hospital -- The construction of long-term care scheme -- The agenda-setting of health policy: a case study of NCMS -- Conclusion: how to understand the health system of China. | |
| 516 | |a text file PDF | ||
| 520 | |a This book provides an overview of the ongoing transition in China's health system, especially focusing on the new healthcare reform initiated in 2009. First, it reviews the changes in China's healthcare system from the 1950s to 2008, establishing the situation when the reform was introduced. The book subsequently analyzes the social and economic context in which the health system is embedded. Since the primary focus is on the new healthcare reform, the book introduces the blueprint and the year-for-year development of the new healthcare reform, as well as the specific reforms in health financing, public hospitals, and primary care. Given its central importance in the health system, the book also described major trends in long-term care in the past several years. In addition, it examines the health policy-making process with a case study of the New Cooperative Medical Scheme of China. Lastly, the book assesses the performance of China's health system and predicts future developmental trends. | ||
| 650 | 0 | |a Social medicine. | |
| 650 | 0 | |a Health care management. | |
| 650 | 0 | |a Health services administration. | |
| 650 | 0 | |a Social policy. | |
| 856 | 4 | 0 | |u http://hanproxy.cvtisr.sk/han/cvti-ebook-springer-eisbn-978-981-13-0758-4 |y Vzdialený prístup pre registrovaných používateľov |
| 910 | |b ZE07577 | ||
| 919 | |a 978-981-13-0758-4 | ||
| 974 | |a andrea.lebedova |f Elektronické zdroje | ||
| 992 | |a SUD | ||
| 999 | |c 275363 |d 275363 | ||

